| 000 | 00388nam a2200133Ia 4500 | ||
|---|---|---|---|
| 008 | 220217s9999||||xx |||||||||||||| ||und|| | ||
| 082 | _a621.385 1 CHA | ||
| 100 |
_aChakrabarthi, A _91226 |
||
| 245 | 0 | _aIntroduction to network filters and transmission lines | |
| 250 | _a2nd | ||
| 260 |
_aDhanpath rai publications _bNew Delhi _c2000 |
||
| 300 | _b105 | ||
| 650 | _aNETWORK ANALYSIS | ||
| 999 |
_c166041 _d166041 |
||